| 000 -CABECERA |
| fixed length control field |
00899nam a22002177a 4500 |
| 003 - IDENTIFICADOR DEL NÚMERO DE CONTROL |
| control field |
AR-CdUCM |
| 008 - DATOS DE LONGITUD FIJA--INFORMACIÓN GENERAL |
| fixed length control field |
190328b ||||| |||| 00| 0 spa d |
| 040 ## - FUENTE DE LA CATALOGACIÓN |
| Agencia/entidad que catalogó originalmente la obra |
MUNICIPALIDAD PROVINCIAL DEL CUSCO |
| Entidad que transcribió la catalogación |
BIBLIOTECA MUNICIPAL DEL CUSCO |
| 082 ## - NÚMERO DE LA CLASIFICACIÓN DECIMAL DEWEY |
| No. de Clasificación |
070 / |
| Notacion interna |
SA19 |
| 100 ## - ENTRADA PRINCIPAL--NOMBRE DE PERSONA |
| Nombre Personal |
Samaniego, Abelardo |
| 245 ## - MENCIÓN DE TÍTULO |
| Título |
Manual del corresponsal / |
| 260 ## - PUBLICACIÓN, DISTRIBUCIÓN, ETC. |
| Lugar de publicación, distribución, etc. |
Perú : |
| Nombre de la editorial, distribuidor, etc. |
Imp. Mercagraph S.A., |
| Fecha de publicación, distribución, etc. |
[s.a]. |
| 300 ## - DESCRIPCIÓN FÍSICA |
| Nº de Páginas Extensión |
[s.n] ; |
| Otros detalles físicos |
ilustraciones ; |
| Dimensiones |
19.5 cm. |
| 505 ## - NOTA DE CONTENIDO CON FORMATO |
| Nota de contenido formateada |
Contenido: Corresponsal -- ¿Cómo debe se la noticia? -- No es noticia -- Técnica para centralizar noticias -- Modo de enviar las noticias -- Clases de comunicación noticiosa -- El uso generalizado del "stop" ... |
| 650 ## - PUNTO DE ACCESO ADICIONAL DE MATERIA--TÉRMINO DE MATERIA |
| Descriptor |
Periodismo |
| 9 (RLIN) |
1929 |
| 650 ## - PUNTO DE ACCESO ADICIONAL DE MATERIA--TÉRMINO DE MATERIA |
| Descriptor |
Corresponsales de periodismo |
| 9 (RLIN) |
26492 |
| 650 ## - PUNTO DE ACCESO ADICIONAL DE MATERIA--TÉRMINO DE MATERIA |
| Descriptor |
Corresponsales - Manuales |
| 9 (RLIN) |
26493 |
| 942 ## - ELEMENTOS DE PUNTO DE ACCESO ADICIONAL (KOHA) |
| Fuente de clasificación |
|
| Tipo de item |
Libros-BMC |
| 945 ## - PROCESAMIENTO DE INFORMACIÓN LOCAL (OCLC) |
| Catalogador |
lccs |